000 01020nam a22002057a 4500
999 _c59121
_d59121
003 Ge_BSU
005 20221128150322.0
008 221128s1966ge xxu||||| |||| 00| 0 geo d
041 _ageo
080 _a821.111(73)-31 დ-80
100 _aდრაიზერი, თეოდორ, 1871-1945.
_916158
245 _aფინანსისტი :
_b[რომანი] /
_cთეოდორ დრაიზერი ; ინგლ. თარგმნა მოსე ქარჩავამ ; [ც. თოფურიძის წინასიტყვაობა].
264 _aთბილისი :
_bსაბჭოთა საქართველო,
_c1966.
300 _a553 გვ. :
_bილ. ;
_c22 სმ.
653 _aფინანსისტი
653 _aრომანი
700 _aქარჩავა, მოსე
_eმთარგმნელი
_912679
700 _aთოფურიძე, ც
_eწინასიტყვაობა
_915996
942 _2udc
_cBK